| 000 | 00510nam a22001817a 4500 | ||
|---|---|---|---|
| 003 | CEME | ||
| 005 | 20210628203951.0 | ||
| 008 | 210105b xxu||||| |||| 00| 0 eng d | ||
| 020 | _a9789535108597 | ||
| 040 | _c. | ||
| 082 | _a363.258 COL | ||
| 100 |
_aYang, Jucheng, Xie, Shan Juan _968066 |
||
| 245 | _aNew trends and developments in biometrics | ||
| 260 |
_aCROATIA _bINTECH WEB.ORG _c2012 |
||
| 300 | _a302P | ||
| 650 |
_aNEW TRENDS IN BIOMETRICS. DEVELOPMENTS IN BIOMETRICS _968067 |
||
| 942 |
_cBK _2ddc |
||
| 999 |
_c575722 _d575722 |
||